| 000 | 03245nam0a22005291 4500 | ||
|---|---|---|---|
| 001 | v19\rc\2111946 | ||
| 005 | 20260407090844.0 | ||
| 035 | _a(NLR Aleph) 005186119 | ||
| 090 |
_a5167498 _c5167498 |
||
| 100 | _a20090914e18211820|||y0rusy50 ca | ||
| 101 | 0 | _arus | |
| 102 | _aRU | ||
| 135 | _acrcn 024anaba | ||
| 140 | _ay y eayaa0000 | ||
| 200 | 1 |
_aОльвия _eотрывок из Путешествия в Тавриду в 1820 году; _eс приобщением перевода отрывка из вористенской речи Диона Хрисостома. |
|
| 210 |
_aСанктпетербург _cпечатано при Императорской Академии наук _d1821 |
||
| 215 |
_a48 с. _d8° (25 см) |
||
| 300 | _aЦенз.: И.Тимковский, 27 апр. 1821 г. | ||
| 300 | _aТит. л. грав. | ||
| 300 | _aВ конце предисл. авт.: Муравьев-Апостол. Хомутец 16 марта 1821 (с. 3) | ||
| 316 |
_aЭкз. РНБ (18.8.1.278) в изд. обл. Размер: 24,2х14,6х0,4 см _5NLR: 18.8.1.278 |
||
| 321 | 1 | _aСК 1801-1825 5355 | |
| 325 | _aКопия доступна в Электрон. б-ке РНБ | ||
| 327 | 0 | _aИз содерж.: Перевод отрывка из речи, вористенскою называемой, Диона Хрисостома (с. 33-48) | |
| 464 | 0 |
_12001#$aПеревод отрывка из речи, вористенскою называемой, Диона Хрисостома _1215##$aС. 33-48 _tПеревод отрывка из речи, вористенскою называемой, Диона Хрисостома |
|
| 488 | 0 |
_12001#$aПутешествие в Тавриду в 1820 году _1700#1$3RU\NLR\AUTH\7713517$7ca$aМуравьев-Апостол$bИ. М.$f1767-1851$gИван Матвеевич _tПутешествие в Тавриду в 1820 году _aМуравьев-Апостол, Иван Матвеевич (1767-1851) |
|
| 620 | _dСанкт-Петербург | ||
| 700 | 1 |
_8rus _7ca _aМуравьев-Апостол _bИ. М. _f1767-1851 _gИван Матвеевич _3RU\NLR\AUTH\7713517 _9123205 |
|
| 702 | 1 |
_aТимковский _bИ. О. _f1768-1837 _gИван Осипович _4190 |
|
| 712 | 0 | 2 |
_4610 _aАкадемическая типография _cПетербург _3RU\NLR\AUTH\8815379 _9303965 |
| 790 | 1 |
_9z01700 _aАпостол _bИ.М. _gИван Матвеевич |
|
| 801 | 0 |
_aRU _bNLR _gpsbo |
|
| 801 | 1 |
_aRU _bProSoft-M _2rusmarc |
|
| 801 | 2 |
_aRU _bNLR _c20160520 _2rusmarc |
|
| 852 |
_aNLR _j18.8.1.278 |
||
| 852 |
_aNLR _j139/278 |
||
| 942 | _cBOOK | ||
| 980 | _aNB | ||
| 980 | 3 | _akpcivil2020 | |
| 980 | 3 | _akp2020 | |
| 980 | 3 | _akp | |
| 981 | 2 | 2 |
_a(22) Материалы по истории России _b(22) Путешествия и экспедиции |
| 981 | 2 | 0 |
_a(20) Книжные памятники РНБ _b(20) Русский книжный фонд |